ბათუმის შოთა რუსთაველის სახელმწიფო უნივერსიტეტის ბიბლიოთეკა

საკურთხეველთან:რომანები,ესეები (ბიბ.ჩანაწერი № 42831)

000 -LEADER
fixed length control field 00760nam a2200205Ia 4500
001 - CONTROL NUMBER
control field 9537
003 - CONTROL NUMBER IDENTIFIER
control field GE_BSU
008 - FIXED-LENGTH DATA ELEMENTS--GENERAL INFORMATION
fixed length control field 181216s||||||||xx |||||||||||||| ||und||
040 ## - CATALOGING SOURCE
Transcribing agency GE_BSU
080 ## - UNIVERSAL DECIMAL CLASSIFICATION NUMBER
Universal Decimal Classification number 821.353.1–31+821.353.1-4
100 ## - MAIN ENTRY--PERSONAL NAME
Personal name მაღრაძე,ელგუჯა
245 ## - TITLE STATEMENT
Title საკურთხეველთან:რომანები,ესეები
245 ## - TITLE STATEMENT
Statement of responsibility, etc. რედ.ნ.აბესაძე,მხატვ.ზ.ფორჩხიძე
260 ## - PUBLICATION, DISTRIBUTION, ETC.
Place of publication, distribution, etc. თბილისი
260 ## - PUBLICATION, DISTRIBUTION, ETC.
Name of publisher, distributor, etc. საბჭოთა საქართველო
260 ## - PUBLICATION, DISTRIBUTION, ETC.
Date of publication, distribution, etc. 1986
300 ## - PHYSICAL DESCRIPTION
Extent 766გვ.ილ.21სმ.
653 ## - INDEX TERM--UNCONTROLLED
Uncontrolled term საკურთხეველთან:რომანები,ესეები
942 ## - ADDED ENTRY ELEMENTS (KOHA)
Koha item type წიგნი
ეგზემპლარები
Withdrawn status Lost status Damaged status Not for loan Date acquired Barcode Date last seen Price effective from Koha item type
        2018-12-17 32519 2018-12-17 2018-12-17 წიგნი
        2018-12-17 32520 2018-12-17 2018-12-17 წიგნი